| 000 | 00431nam a2200169 i 4500 | ||
|---|---|---|---|
| 001 | bg | ||
| 100 | 1 | _aDEZAMY, Theodore | |
| 245 | 0 |
_aKodeks wspólnoty / _cTheodore Dezamy. |
|
| 260 |
_aWarszawa, _c1977. |
||
| 490 | 1 | _aBiblioteka Myśli Socjalistycznej | |
| 830 | _aBiblioteka Myśli Socjalistycznej | ||
| 040 | _cBPK | ||
| 041 | _apol | ||
| 080 | _a330.84(44)"18" | ||
| 942 | _cKS | ||
| 008 | s pl f |000 0 pol | ||
| 999 |
_c9580 _d9580 |
||
| 856 |
_uhttp://koha.tu.koszalin.pl/cgi-bin/koha/opac-detail.pl?biblionumber=9580 _yKatalog online BPK |
||